000 00235nam a2200097Ia 4500
008 240331s9999 xx 000 0 und d
082 _bTHI
100 _aThirunavukarasu, K
245 0 _aThiravida lyakka Ithalkal :
_boru parvai
942 _cL
999 _c4170
_d4170